[Event "FIDE Open World Blitz 2021"]
[Site "Warsaw"]
[Date "2021.12.29"]
[Round "5.19"]
[White "Jobava, Baadur"]
[Black "Nguyen, Thai Dai Van"]
[Result "1-0"]
[WhiteElo "2582"]
[BlackElo "2594"]
[Annotator "ChessBase"]
[PlyCount "91"]
[EventDate "2021.12.29"]
[EventType "swiss"]
[EventCountry "POL"]
[Tiebreak "Cut1 Buchholz"]
[SourceTitle "playchess.com"]
[Source "ChessBase"]
[SourceQuality "1"]

1. e4 e5 2. Nf3 Nc6 3. Bc4 Bc5 4. c3 Nf6 5. d3 d6 6. b4 Bb6 7. O-O O-O 8. Nbd2
Ne7 9. Bb3 c6 10. Nc4 Bc7 11. Bg5 Ng6 12. Ne3 h6 13. Bxf6 Qxf6 14. a4 Bd7 15.
g3 Bh3 16. Re1 Rad8 17. a5 a6 18. d4 Bb8 19. d5 Ba7 20. Ra2 Rc8 21. dxc6 bxc6
22. Bc4 Ra8 23. Rd2 Rfd8 24. Qe2 Ne7 25. Red1 Bxe3 26. Qxe3 Bg4 27. Kg2 Bxf3+
28. Qxf3 Qxf3+ 29. Kxf3 Nc8 30. Ke3 Kf8 31. f4 exf4+ 32. gxf4 Ke7 33. h4 f5 34.
e5 d5 35. Bd3 Ke6 36. Rg2 Ne7 37. Rxg7 d4+ 38. cxd4 Nd5+ 39. Kf3 Rab8 40. Rdg1
Ne7 41. R1g6+ Nxg6 42. Bc4+ Rd5 43. Rxg6+ Ke7 44. Bxd5 cxd5 45. Rb6 Rc8 46.
Rxa6 1-0

[Event "FIDE Open World Blitz 2021"]
[Site "Warsaw"]
[Date "2021.12.29"]
[Round "5.20"]
[White "Demidov, Mikhail"]
[Black "Rapport, Richard"]
[Result "1-0"]
[WhiteElo "2592"]
[BlackElo "2763"]
[Annotator "ChessBase"]
[PlyCount "112"]
[EventDate "2021.12.29"]
[EventType "swiss"]
[EventCountry "POL"]
[Tiebreak "Cut1 Buchholz"]
[SourceTitle "playchess.com"]
[Source "ChessBase"]
[SourceQuality "1"]

1. Nf3 Nf6 2. d4 c5 3. dxc5 e6 4. Be3 Na6 5. g3 Bxc5 6. Bxc5 Nxc5 7. Bg2 O-O 8.
O-O b5 9. Ne5 Bb7 10. Bxb7 Nxb7 11. c3 Qc7 12. Nf3 Nd6 13. Nbd2 Nc4 14. Qc2
Rab8 15. Rfd1 Rfc8 16. a4 bxa4 17. Nxc4 Qxc4 18. Rxa4 Qc7 19. Rda1 Rb7 20. R1a2
h6 21. Qd3 d5 22. Qd4 Qb8 23. Rb4 Rxb4 24. Qxb4 Qxb4 25. cxb4 Rc7 26. Nd4 e5
27. Nb5 Rc1+ 28. Kg2 Rc2 29. Kf1 Ne4 30. f3 Nd2+ 31. Ke1 Nb3 32. Rxa7 Rxb2 33.
Nd6 Nd4 34. Ra8+ Kh7 35. Nxf7 e4 36. fxe4 dxe4 37. Rh8+ Kg6 38. Ne5+ Kg5 39.
Kf1 Rxb4 40. Rd8 Nf5 41. Kf2 Rb5 42. h4+ Kf6 43. Nc4 Rc5 44. Ne3 g6 45. Rf8+
Kg7 46. Re8 Nd6 47. Re6 Nb5 48. Rxe4 Nc3 49. Rd4 Re5 50. Rc4 Ne4+ 51. Kg2 Nxg3
52. Ng4 Rxe2+ 53. Kxg3 Re7 54. Kf3 Rf7+ 55. Kg3 Re7 56. Rc6 Rd7 1-0

[Event "FIDE Open World Blitz 2021"]
[Site "Warsaw"]
[Date "2021.12.29"]
[Round "5.20"]
[White "Nevednichy, Vladislav"]
[Black "Anton Guijarro, David"]
[Result "0-1"]
[WhiteElo "2379"]
[BlackElo "2669"]
[Annotator "ChessBase"]
[PlyCount "88"]
[EventDate "2021.12.29"]
[EventType "swiss"]
[EventCountry "POL"]
[Tiebreak "Cut1 Buchholz"]
[SourceTitle "playchess.com"]
[Source "ChessBase"]
[SourceQuality "1"]

1. e4 c6 2. Nf3 d5 3. exd5 cxd5 4. Ne5 Nc6 5. Bb5 Bd7 6. Bxc6 Bxc6 7. d4 e6 8.
O-O Bd6 9. Qg4 Qf6 10. Bg5 h5 11. Qf4 Qxf4 12. Bxf4 f6 13. Ng6 Bxf4 14. Nxf4
Kf7 15. Re1 g5 16. Nd3 b6 17. Nd2 Bb5 18. Re3 Nh6 19. Ne1 Nf5 20. Rc3 Nxd4 21.
Rc7+ Kg6 22. a4 Ba6 23. a5 Bb5 24. f3 Rhc8 25. Rxc8 Rxc8 26. c3 Nc6 27. axb6
axb6 28. Nc2 e5 29. h4 gxh4 30. Kf2 d4 31. c4 Na5 32. Na3 Bxc4 33. Rc1 Ba6 34.
Rxc8 Bxc8 35. Nac4 Nxc4 36. Nxc4 b5 37. Nd6 Bd7 38. b4 f5 39. Ke2 Kf6 40. Kd3
Ke6 41. Nb7 Kd5 42. Nc5 Bc8 43. Nb3 e4+ 44. fxe4+ fxe4+ 0-1

[Event "FIDE Open World Blitz 2021"]
[Site "Warsaw"]
[Date "2021.12.29"]
[Round "5.21"]
[White "Korobov, Anton"]
[Black "Sadhwani, Raunak"]
[Result "1/2-1/2"]
[WhiteElo "2684"]
[BlackElo "2562"]
[Annotator "ChessBase"]
[PlyCount "60"]
[EventDate "2021.12.29"]
[EventType "swiss"]
[EventCountry "POL"]
[Tiebreak "Cut1 Buchholz"]
[SourceTitle "playchess.com"]
[Source "ChessBase"]
[SourceQuality "1"]

1. d4 Nf6 2. c4 g6 3. Nc3 Bg7 4. e4 d6 5. Be2 O-O 6. Bg5 c5 7. d5 e6 8. Nf3 h6
9. Be3 exd5 10. cxd5 b5 11. e5 Ng4 12. exd6 Nxe3 13. fxe3 b4 14. Na4 Qxd6 15.
O-O Re8 16. Nd2 Bb7 17. Nc4 Qxd5 18. Qxd5 Bxd5 19. Rad1 Bc6 20. Nxc5 Bf8 21.
Nd6 Rd8 22. Ndb7 Rxd1 23. Rxd1 Nd7 24. Nxd7 Bxb7 25. Nxf8 Kxf8 26. Rd7 Bc6 27.
Rc7 Bd5 28. a3 bxa3 29. bxa3 a5 30. Rc5 Be6 1/2-1/2

[Event "FIDE Open World Blitz 2021"]
[Site "Warsaw"]
[Date "2021.12.29"]
[Round "5.21"]
[White "Sargissian, Gabriel"]
[Black "Lima, Darcy"]
[Result "1-0"]
[WhiteElo "2664"]
[BlackElo "2379"]
[Annotator "ChessBase"]
[PlyCount "69"]
[EventDate "2021.12.29"]
[EventType "swiss"]
[EventCountry "POL"]
[Tiebreak "Cut1 Buchholz"]
[SourceTitle "playchess.com"]
[Source "ChessBase"]
[SourceQuality "1"]

1. d4 Nf6 2. c4 e6 3. Nf3 d5 4. g3 c5 5. cxd5 Nxd5 6. Bg2 Nc6 7. O-O Be7 8.
dxc5 Bxc5 9. Qc2 Be7 10. Rd1 Bd7 11. e4 Nb6 12. Nc3 O-O 13. Qe2 Rc8 14. Bf4 f6
15. e5 f5 16. h4 h6 17. Rac1 Qe8 18. Be3 Nb4 19. Nd4 Nc4 20. a3 Nxe3 21. Qxe3
Nc6 22. Ndb5 Na5 23. Nd6 Bxd6 24. exd6 f4 25. gxf4 Nc4 26. Qd4 Qg6 27. Ne2 b5
28. Ng3 Qg4 29. f5 exf5 30. Qxg4 fxg4 31. b3 Nxa3 32. Rc7 Rfd8 33. Rdc1 b4 34.
Bb7 Rb8 35. Bd5+ 1-0

[Event "FIDE Open World Blitz 2021"]
[Site "Warsaw"]
[Date "2021.12.29"]
[Round "5.22"]
[White "Nihal Sarin"]
[Black "Santos Latasa, Jaime"]
[Result "1/2-1/2"]
[WhiteElo "2650"]
[BlackElo "2561"]
[Annotator "ChessBase"]
[PlyCount "86"]
[EventDate "2021.12.29"]
[EventType "swiss"]
[EventCountry "POL"]
[Tiebreak "Cut1 Buchholz"]
[SourceTitle "playchess.com"]
[Source "ChessBase"]
[SourceQuality "1"]

1. d4 d5 2. Nf3 Nf6 3. c4 e6 4. Nc3 c6 5. e3 Nbd7 6. Be2 Bd6 7. O-O O-O 8. b3
b6 9. Bb2 Bb7 10. Bd3 Re8 11. Re1 Rc8 12. h3 h6 13. Rc1 a6 14. cxd5 cxd5 15. a4
Rc7 16. Re2 Qa8 17. Rec2 Rec8 18. Ne2 Rxc2 19. Rxc2 Rxc2 20. Qxc2 Qc8 21. Qxc8+
Bxc8 22. Ne5 Bb7 23. f3 Kf8 24. Kf2 Ke7 25. g4 Ne8 26. h4 Nf8 27. Bc2 Nc7 28.
h5 f6 29. Nd3 Nd7 30. Nef4 a5 31. Ng6+ Kf7 32. Ndf4 Nb8 33. Nh8+ Kg8 34. Nhg6
Kf7 35. Ne2 Nc6 36. Ke1 Nb4 37. Bb1 b5 38. axb5 Nxb5 39. Kd2 Nc6 40. Bd3 Ba6
41. Nh8+ Kg8 42. Ng6 Kf7 43. Nh8+ Kg8 1/2-1/2

[Event "FIDE Open World Blitz 2021"]
[Site "Warsaw"]
[Date "2021.12.29"]
[Round "5.22"]
[White "Petrosyan, Manuel"]
[Black "Heberla, Bartlomiej"]
[Result "1-0"]
[WhiteElo "2599"]
[BlackElo "2373"]
[Annotator "ChessBase"]
[PlyCount "141"]
[EventDate "2021.12.29"]
[EventType "swiss"]
[EventCountry "POL"]
[Tiebreak "Cut1 Buchholz"]
[SourceTitle "playchess.com"]
[Source "ChessBase"]
[SourceQuality "1"]

1. c4 e6 2. Nc3 d5 3. d4 Nf6 4. cxd5 exd5 5. Bg5 c6 6. e3 Be7 7. Bd3 h6 8. Bf4
O-O 9. h3 Re8 10. Nge2 c5 11. dxc5 Bxc5 12. O-O Nc6 13. Rc1 Bd6 14. Bxd6 Qxd6
15. Nb5 Qe5 16. Nbd4 Nxd4 17. Nxd4 Bd7 18. Qb3 Rab8 19. Rc2 Qg5 20. Kh1 Qh4 21.
Bf5 Bxf5 22. Nxf5 Qg5 23. Nd4 Ne4 24. Kg1 Nd6 25. Rd1 Nc4 26. Qd3 Rbd8 27. b3
Nd6 28. Nf3 Qf6 29. Rc5 Ne4 30. Rc2 Rc8 31. Rxc8 Rxc8 32. Qxd5 Nc3 33. Qd7 Qc6
34. Qxc6 Rxc6 35. Rd8+ Kh7 36. Rd7 f6 37. Nd4 Ra6 38. Rxb7 Rxa2 39. Nf5 Ne4 40.
f3 Ra1+ 41. Kh2 Nd2 42. h4 Rb1 43. Rxg7+ Kh8 44. Rxa7 Rxb3 45. e4 Rb2 46. Kh3
Nf1 47. Ra8+ Kh7 48. Ra7+ Kh8 49. Ra6 h5 50. Rxf6 Nd2 51. Rh6+ Kg8 52. Rxh5 Rb3
53. Rg5+ Kh7 54. Kg4 Nc4 55. Kf4 Nb2 56. Rg7+ Kh8 57. Ra7 Nd3+ 58. Kg5 Rb6 59.
h5 Nc5 60. Ra8+ Kh7 61. Ra7+ Kh8 62. h6 Ne6+ 63. Kg4 Nf8 64. Kh5 Ne6 65. g3 Nf8
66. f4 Rf6 67. g4 Rb6 68. Nh4 Kg8 69. Rg7+ Kh8 70. Ng6+ Nxg6 71. Rxg6 1-0

[Event "FIDE Open World Blitz 2021"]
[Site "Warsaw"]
[Date "2021.12.29"]
[Round "5.23"]
[White "Mamedov, Rauf"]
[Black "Gareyev, Timur"]
[Result "1-0"]
[WhiteElo "2673"]
[BlackElo "2583"]
[Annotator "ChessBase"]
[PlyCount "85"]
[EventDate "2021.12.29"]
[EventType "swiss"]
[EventCountry "POL"]
[Tiebreak "Cut1 Buchholz"]
[SourceTitle "playchess.com"]
[Source "ChessBase"]
[SourceQuality "1"]

1. e4 e5 2. Nf3 Nc6 3. Bc4 Nf6 4. d4 exd4 5. e5 d5 6. Bb5 Ne4 7. Nxd4 Bd7 8.
Bxc6 bxc6 9. O-O Bc5 10. Be3 Qe7 11. f3 Nd6 12. f4 Nf5 13. Bf2 Bxd4 14. Bxd4 c5
15. Bf2 d4 16. Qd3 Rb8 17. b3 h5 18. Nd2 Rb6 19. Rfe1 Rg6 20. Ne4 O-O 21. Ng5
Rxg5 22. fxg5 Qxg5 23. Qf3 Be6 24. Rad1 a5 25. Qe4 Rd8 26. h4 Qg6 27. Qf4 Bd5
28. Qg5 Qxg5 29. hxg5 g6 30. c3 a4 31. cxd4 axb3 32. axb3 Bxb3 33. Rb1 c4 34.
e6 fxe6 35. Rxe6 Rd6 36. d5 Kf7 37. Re5 Rd7 38. Bc5 Bc2 39. Rb8 Nd6 40. Re6 Bf5
41. Rf6+ Kg7 42. Bd4 Ne4 43. Rxf5+ 1-0

[Event "FIDE Open World Blitz 2021"]
[Site "Warsaw"]
[Date "2021.12.29"]
[Round "5.23"]
[White "Kanarek, Marcel"]
[Black "Krasenkow, Michal"]
[Result "1-0"]
[WhiteElo "2342"]
[BlackElo "2576"]
[Annotator "ChessBase"]
[PlyCount "110"]
[EventDate "2021.12.29"]
[EventType "swiss"]
[EventCountry "POL"]
[Tiebreak "Cut1 Buchholz"]
[SourceTitle "playchess.com"]
[Source "ChessBase"]
[SourceQuality "1"]

1. e4 e5 2. Nf3 Nf6 3. Nxe5 d6 4. Nf3 Nxe4 5. c4 d5 6. Nc3 Nxc3 7. dxc3 c6 8.
cxd5 cxd5 9. Bb5+ Nc6 10. O-O Be7 11. Ne5 Qd6 12. Qa4 Bd7 13. Bf4 Nxe5 14. Bxe5
Qxe5 15. Bxd7+ Kf8 16. Rfe1 Qd6 17. Rad1 Rd8 18. Bg4 Qb6 19. Re2 g6 20. Bf3 d4
21. Rxd4 Rxd4 22. Qxd4 Qxd4 23. cxd4 b6 24. Rc2 Bd6 25. Kf1 Ke7 26. h4 Rd8 27.
Ke2 Bb8 28. Kd3 Be5 29. d5 Bd6 30. h5 Kf6 31. Rc4 Re8 32. Ra4 a5 33. hxg6 hxg6
34. Kc4 Bc5 35. Kb5 Bxf2 36. d6 Rc8 37. Bc6 Ke6 38. d7 Rd8 39. Re4+ Kd6 40. Rf4
Bc5 41. Rxf7 Kc7 42. Rg7 Bd4 43. Rxg6 Bxb2 44. a4 Rh8 45. Rg5 Bf6 46. Rf5 Bd8
47. g4 Rh4 48. Bf3 Rh2 49. Rh5 Rb2+ 50. Ka6 Rb4 51. g5 Rxa4 52. g6 Ra1 53. Rg5
Bf6 54. g7 Bxg7 55. Rxg7 Re1 1-0

[Event "FIDE Open World Blitz 2021"]
[Site "Warsaw"]
[Date "2021.12.29"]
[Round "5.24"]
[White "Gajewski, Grzegorz"]
[Black "Gumularz, Szymon"]
[Result "1-0"]
[WhiteElo "2589"]
[BlackElo "2396"]
[Annotator "ChessBase"]
[PlyCount "67"]
[EventDate "2021.12.29"]
[EventType "swiss"]
[EventCountry "POL"]
[Tiebreak "Cut1 Buchholz"]
[SourceTitle "playchess.com"]
[Source "ChessBase"]
[SourceQuality "1"]

1. Nf3 d5 2. g3 g6 3. Bg2 Bg7 4. d4 c6 5. O-O Nf6 6. Nbd2 O-O 7. Re1 Bf5 8. Nh4
Be6 9. c3 Nbd7 10. e4 dxe4 11. Nxe4 Nxe4 12. Bxe4 Nf6 13. Bg2 Bd5 14. Nf3 Re8
15. a4 a5 16. Bf4 Qb6 17. Qc2 Rad8 18. h3 c5 19. Be5 Qc6 20. Qe2 Bh6 21. c4
Bxf3 22. Bxf3 Qc8 23. d5 Nd7 24. Bc3 b6 25. Rad1 Bg7 26. Bxg7 Kxg7 27. Qe3 Nf6
28. Qc3 Rd6 29. Re3 Qxh3 30. Rde1 Kf8 31. g4 Qh6 32. Qe5 Qg7 33. g5 Nh5 34.
Qxd6 1-0

[Event "FIDE Open World Blitz 2021"]
[Site "Warsaw"]
[Date "2021.12.29"]
[Round "5.24"]
[White "Gagunashvili, Merab"]
[Black "Niemann, Hans Moke"]
[Result "0-1"]
[WhiteElo "2575"]
[BlackElo "2635"]
[Annotator "ChessBase"]
[PlyCount "110"]
[EventDate "2021.12.29"]
[EventType "swiss"]
[EventCountry "POL"]
[Tiebreak "Cut1 Buchholz"]
[SourceTitle "playchess.com"]
[Source "ChessBase"]
[SourceQuality "1"]

1. d4 Nf6 2. Nf3 e6 3. c4 b6 4. g3 Bb7 5. Bg2 Be7 6. O-O O-O 7. Bf4 d6 8. Nc3
Ne4 9. Rc1 Nd7 10. d5 Nxc3 11. Rxc3 e5 12. Bd2 f5 13. b4 a5 14. a3 Bf6 15. e3
axb4 16. axb4 b5 17. cxb5 e4 18. Nd4 Bxd4 19. exd4 Nb6 20. f3 Nxd5 21. Rb3 Nb6
22. fxe4 Bxe4 23. Re3 d5 24. Qb3 Nc4 25. Re2 Ra3 26. Qd1 Rd3 27. Qe1 Rxd4 28.
Bc3 Rd3 29. Ba1 h6 30. Qf2 d4 31. Bxe4 fxe4 32. Qxf8+ Qxf8 33. Rxf8+ Kxf8 34.
Rxe4 Rd1+ 35. Kf2 Rxa1 36. Rxd4 Na3 37. Rd8+ Ke7 38. Rg8 Nxb5 39. Rxg7+ Kf6 40.
Rh7 Kg6 41. Re7 Rb1 42. Re4 Nd6 43. Rd4 Rb2+ 44. Kg1 Rc2 45. Rd5 Rc4 46. b5 Rb4
47. Rc5 Nxb5 48. Kf2 Rb3 49. h4 Nd6 50. Rxc7 Ne4+ 51. Kg2 Rxg3+ 52. Kh2 Re3 53.
Re7 Kf5 54. Rh7 Nf6 55. Kg2 Nxh7 0-1

[Event "FIDE Open World Blitz 2021"]
[Site "Warsaw"]
[Date "2021.12.29"]
[Round "5.25"]
[White "Alekseenko, Kirill"]
[Black "Kobalia, Mikhail"]
[Result "0-1"]
[WhiteElo "2710"]
[BlackElo "2600"]
[Annotator "ChessBase"]
[PlyCount "84"]
[EventDate "2021.12.29"]
[EventType "swiss"]
[EventCountry "POL"]
[Tiebreak "Cut1 Buchholz"]
[SourceTitle "playchess.com"]
[Source "ChessBase"]
[SourceQuality "1"]

1. e4 c6 2. d4 d5 3. exd5 cxd5 4. Bd3 Nc6 5. c3 Nf6 6. h3 g6 7. Nf3 Bf5 8. Be2
h5 9. Nbd2 Ne4 10. Qb3 Qd7 11. Nxe4 Bxe4 12. O-O Bxf3 13. Bxf3 e6 14. Re1 Be7
15. Bf4 g5 16. Bg3 O-O-O 17. c4 Nxd4 18. Qd3 Nxf3+ 19. Qxf3 Bd6 20. cxd5 exd5
21. Bxd6 Qxd6 22. Qxf7 Kb8 23. Re7 Qb6 24. Qg7 Rhf8 25. Rf1 Rf5 26. Qh7 Rdf8
27. Kh1 g4 28. Rfe1 a6 29. Re8+ Ka7 30. Rxf8 Rxf8 31. Qxh5 Qxf2 32. Rd1 g3 33.
Rg1 Rc8 34. Qd1 Rc2 35. b4 Rxa2 36. Qb1 Rb2 37. Qd1 d4 38. Qd3 Qe3 39. Qc4 d3
40. Qc5+ Qxc5 41. bxc5 d2 42. Rd1 Rc2 0-1

[Event "FIDE Open World Blitz 2021"]
[Site "Warsaw"]
[Date "2021.12.29"]
[Round "5.25"]
[White "Vakhidov, Jakhongir"]
[Black "Jakubowski, Krzysztof"]
[Result "1-0"]
[WhiteElo "2557"]
[BlackElo "2373"]
[Annotator "ChessBase"]
[PlyCount "59"]
[EventDate "2021.12.29"]
[EventType "swiss"]
[EventCountry "POL"]
[Tiebreak "Cut1 Buchholz"]
[SourceTitle "playchess.com"]
[Source "ChessBase"]
[SourceQuality "1"]

1. c4 e6 2. Nc3 d5 3. d4 Nf6 4. cxd5 exd5 5. Bg5 c6 6. e3 Be7 7. Bd3 O-O 8. Qc2
Nbd7 9. h3 Re8 10. Nf3 Nf8 11. Bf4 Bd6 12. Bxd6 Qxd6 13. O-O-O a5 14. Kb1 b5
15. Rc1 N6d7 16. e4 a4 17. exd5 b4 18. Nxa4 cxd5 19. b3 Bb7 20. Qc7 Qxc7 21.
Rxc7 Ba6 22. Bxa6 Rxa6 23. Rhc1 f6 24. R1c2 Rae6 25. Nc5 Nxc5 26. dxc5 Re4 27.
c6 Ne6 28. Rd7 Nd4 29. Nxd4 Rxd4 30. c7 1-0

[Event "FIDE Open World Blitz 2021"]
[Site "Warsaw"]
[Date "2021.12.29"]
[Round "5.26"]
[White "Gelfand, Boris"]
[Black "Dvirnyy, Danyyil"]
[Result "1/2-1/2"]
[WhiteElo "2674"]
[BlackElo "2493"]
[Annotator "ChessBase"]
[PlyCount "162"]
[EventDate "2021.12.29"]
[EventType "swiss"]
[EventCountry "POL"]
[Tiebreak "Cut1 Buchholz"]
[SourceTitle "playchess.com"]
[Source "ChessBase"]
[SourceQuality "1"]

1. Nf3 Nf6 2. c4 e6 3. g3 d5 4. Bg2 Be7 5. d4 O-O 6. Qd3 Nbd7 7. O-O c6 8. Nc3
b6 9. b3 Ba6 10. e4 Rc8 11. Rd1 c5 12. exd5 exd5 13. Qc2 dxc4 14. d5 Bd6 15.
Bg5 h6 16. Ne4 Bb8 17. Bxf6 Nxf6 18. Nxf6+ Qxf6 19. bxc4 Rfe8 20. a4 Rcd8 21.
a5 Bc8 22. axb6 axb6 23. Re1 Bg4 24. Nd2 Re2 25. Rxe2 Qxa1+ 26. Nf1 Bxe2 27.
Qxe2 Be5 28. h4 Qb2 29. Qe4 Bd4 30. Ne3 Bxe3 31. Qxe3 Qf6 32. h5 Kf8 33. Bf3
Re8 34. Qa3 Qd6 35. Kg2 g6 36. hxg6 Qxg6 37. Qa7 Qd6 38. Qa1 Kg8 39. Qb1 Re5
40. Qa1 Rf5 41. Qb1 Qf6 42. Qd3 Kf8 43. d6 Rxf3 44. Qxf3 Qxd6 45. Qa8+ Kg7 46.
Qf3 Qe6 47. Qc3+ Qf6 48. Qd3 Qd4 49. Qe2 Kf6 50. Kg1 Qe5 51. Qf3+ Kg7 52. Qg4+
Kh7 53. Qf3 Qe6 54. Qd3+ Kg7 55. Qc3+ Kf8 56. Qd3 Ke7 57. Kg2 Qd6 58. Qe4+ Kd8
59. Qa8+ Kd7 60. Qb7+ Qc7 61. Qd5+ Ke7 62. Qe4+ Kf8 63. Qa8+ Kg7 64. Qe4 Qd6
65. Qg4+ Kf6 66. Qf3+ Ke7 67. Qb7+ Kf8 68. Qa8+ Kg7 69. Qf3 Qe6 70. Qc3+ Kf8
71. Qd3 Ke7 72. Kg1 f5 73. Qb3 Kd7 74. Qa4+ Qc6 75. Qa7+ Ke6 76. Qg7 Qe4 77.
Qxh6+ Kf7 78. Qh7+ Kf6 79. Qh8+ Kf7 80. Qh7+ Kf6 81. Qh8+ Kf7 1/2-1/2

[Event "FIDE Open World Blitz 2021"]
[Site "Warsaw"]
[Date "2021.12.29"]
[Round "5.26"]
[White "Tazbir, Marcin"]
[Black "Lubczynski, Rafal"]
[Result "1-0"]
[WhiteElo "2508"]
[BlackElo "2361"]
[Annotator "ChessBase"]
[PlyCount "95"]
[EventDate "2021.12.29"]
[EventType "swiss"]
[EventCountry "POL"]
[Tiebreak "Cut1 Buchholz"]
[SourceTitle "playchess.com"]
[Source "ChessBase"]
[SourceQuality "1"]

1. c4 Nf6 2. g3 c6 3. Bg2 d5 4. Qc2 g6 5. Nf3 Bf5 6. d3 Bg7 7. O-O O-O 8. b3 a5
9. Bb2 Qb6 10. Nbd2 Na6 11. a3 Rfd8 12. Rab1 Rac8 13. Bd4 Qc7 14. b4 axb4 15.
axb4 c5 16. bxc5 Nxc5 17. Bxf6 Bxf6 18. cxd5 Qa5 19. Nc4 Qa6 20. Rb6 Qa7 21.
Rfb1 Rxd5 22. e4 Rxd3 23. exf5 Rc3 24. Qe2 Na4 25. Rxf6 exf6 26. Nd6 Rc1+ 27.
Rxc1 Rxc1+ 28. Bf1 Qb8 29. fxg6 hxg6 30. Ne4 Qd8 31. Qb5 Nc3 32. Nxc3 Rxc3 33.
Qxb7 Qd1 34. Kg2 Rc2 35. Qe4 Kg7 36. h4 Rc1 37. Qd3 Qa4 38. Qd2 Qa1 39. Be2 Qb1
40. Bd3 Qa1 41. h5 Qc3 42. Qe2 Qc6 43. hxg6 fxg6 44. Qe7+ Kh6 45. Qf8+ Kh7 46.
Qf7+ Kh8 47. Bxg6 Qc7 48. Qf8# 1-0

[Event "FIDE Open World Blitz 2021"]
[Site "Warsaw"]
[Date "2021.12.29"]
[Round "5.27"]
[White "Muradli, Mahammad"]
[Black "Dreev, Aleksey"]
[Result "1-0"]
[WhiteElo "2571"]
[BlackElo "2635"]
[Annotator "ChessBase"]
[PlyCount "111"]
[EventDate "2021.12.29"]
[EventType "swiss"]
[EventCountry "POL"]
[Tiebreak "Cut1 Buchholz"]
[SourceTitle "playchess.com"]
[Source "ChessBase"]
[SourceQuality "1"]

1. c4 c6 2. Nf3 d5 3. d4 Nf6 4. Nc3 e6 5. g3 dxc4 6. Ne5 Nbd7 7. Nxc4 b5 8. Ne5
Nxe5 9. dxe5 Qxd1+ 10. Kxd1 Ng4 11. Bg2 Bb7 12. Ke1 b4 13. Nb5 O-O-O 14. Nxa7+
Kc7 15. h3 Nxe5 16. Bf4 Bd6 17. Rc1 Kb6 18. Be3+ c5 19. Bxb7 Kxb7 20. Nb5 Be7
21. a4 Ra8 22. b3 Rhc8 23. Bf4 Nc6 24. Bd6 Kb6 25. Bxe7 Nxe7 26. Nd6 Rd8 27.
Nxf7 Rd5 28. e4 Rd3 29. Rb1 Nc6 30. Ke2 Rxb3 31. Rbc1 Nd4+ 32. Kf1 Rc3 33. Ra1
b3 34. Kg2 Rc2 35. Ne5 c4 36. Rhd1 Rd8 37. a5+ Ka6 38. Ra4 b2 39. Rxc4 Rxc4 40.
Nxc4 Rb8 41. Nxb2 e5 42. Nc4 Rb5 43. Nxe5 Nc2 44. Nc4 Rc5 45. Nd6 Rxa5 46. Rd2
Nb4 47. Nf5 g6 48. Ne3 Ra3 49. e5 Nd3 50. e6 Ne1+ 51. Kf1 Nf3 52. Rd6+ Kb5 53.
e7 Ra1+ 54. Ke2 Ng1+ 55. Kd3 Ra8 56. Rd8 1-0

[Event "FIDE Open World Blitz 2021"]
[Site "Warsaw"]
[Date "2021.12.29"]
[Round "5.27"]
[White "Kuzmicz, Krystian"]
[Black "Kantor, Gergely"]
[Result "0-1"]
[WhiteElo "2281"]
[BlackElo "2566"]
[Annotator "ChessBase"]
[PlyCount "80"]
[EventDate "2021.12.29"]
[EventType "swiss"]
[EventCountry "POL"]
[Tiebreak "Cut1 Buchholz"]
[SourceTitle "playchess.com"]
[Source "ChessBase"]
[SourceQuality "1"]

1. e4 Nc6 2. Nf3 d6 3. Nc3 g6 4. d4 Bg7 5. h3 a6 6. Be3 b5 7. Qd2 Bb7 8. Bd3 e5
9. d5 Nce7 10. O-O Nf6 11. a4 b4 12. Ne2 c5 13. dxc6 Nxc6 14. Bc4 O-O 15. Ng3
Na5 16. Qxb4 Nxc4 17. Qxc4 d5 18. exd5 Bxd5 19. Qe2 Qc7 20. Rfd1 Bc4 21. Qe1
Nd5 22. Bc1 Nf4 23. b3 Bd5 24. Qe3 Qxc2 25. Ba3 Rfe8 26. Rac1 Qxb3 27. Qxb3
Bxb3 28. Rd7 Bxa4 29. Rdc7 Nd3 30. Rb1 Rac8 31. Ra7 Bb5 32. Ng5 Bf8 33. Bxf8
Rxf8 34. N3e4 h6 35. Nf3 Kg7 36. Nd6 Rc5 37. Ra1 Rd5 38. Ne4 Nc5 39. Nc3 Rd7
40. Nxe5 Rxa7 0-1

[Event "FIDE Open World Blitz 2021"]
[Site "Warsaw"]
[Date "2021.12.29"]
[Round "5.28"]
[White "Zvjaginsev, Vadim"]
[Black "Postny, Evgeny"]
[Result "1/2-1/2"]
[WhiteElo "2609"]
[BlackElo "2557"]
[Annotator "ChessBase"]
[PlyCount "63"]
[EventDate "2021.12.29"]
[EventType "swiss"]
[EventCountry "POL"]
[Tiebreak "Cut1 Buchholz"]
[SourceTitle "playchess.com"]
[Source "ChessBase"]
[SourceQuality "1"]

1. c4 Nf6 2. Nc3 e5 3. Nf3 Nc6 4. a3 g6 5. g3 Bg7 6. Bg2 O-O 7. O-O d6 8. d3 a5
9. Rb1 Bg4 10. h3 Be6 11. b4 axb4 12. axb4 Qc8 13. Kh2 h6 14. b5 Ne7 15. e4 c6
16. Be3 Nd7 17. Qd2 Kh7 18. bxc6 bxc6 19. Rfc1 f5 20. d4 Bxc4 21. dxe5 Nxe5 22.
Qxd6 Nxf3+ 23. Bxf3 Qe6 24. Qxe6 Bxe6 25. Rb7 Rf7 26. Bc5 fxe4 27. Bxe4 Nd5 28.
Rxf7 Bxf7 29. Nxd5 Bxd5 30. Bxd5 cxd5 31. Rd1 Rd8 32. Bd4 1/2-1/2

[Event "FIDE Open World Blitz 2021"]
[Site "Warsaw"]
[Date "2021.12.29"]
[Round "5.28"]
[White "Carlsson, Pontus"]
[Black "Lopusiewicz, Piotr"]
[Result "1/2-1/2"]
[WhiteElo "2457"]
[BlackElo "2279"]
[Annotator "ChessBase"]
[PlyCount "52"]
[EventDate "2021.12.29"]
[EventType "swiss"]
[EventCountry "POL"]
[Tiebreak "Cut1 Buchholz"]
[SourceTitle "playchess.com"]
[Source "ChessBase"]
[SourceQuality "1"]

1. e4 e5 2. Nf3 Nc6 3. d4 exd4 4. Nxd4 Nf6 5. Nc3 Bb4 6. Nxc6 bxc6 7. Bd3 O-O
8. O-O d5 9. exd5 cxd5 10. h3 c6 11. Qf3 Re8 12. Bf4 Be6 13. Ne2 Qb6 14. a3 Bf8
15. b4 Ne4 16. Be3 Qc7 17. Nd4 Bd7 18. c4 h6 19. Rac1 Qb7 20. b5 Rac8 21. bxc6
Bxc6 22. Nxc6 Qxc6 23. cxd5 Qxd5 24. Rc3 Rc7 25. Rxc7 Rc8 26. Rxc8 Qf5 1/2-1/2

[Event "FIDE Open World Blitz 2021"]
[Site "Warsaw"]
[Date "2021.12.29"]
[Round "5.29"]
[White "Van Foreest, Jorden"]
[Black "Hovhannisyan, Robert"]
[Result "0-1"]
[WhiteElo "2566"]
[BlackElo "2622"]
[Annotator "ChessBase"]
[PlyCount "162"]
[EventDate "2021.12.29"]
[EventType "swiss"]
[EventCountry "POL"]
[Tiebreak "Cut1 Buchholz"]
[SourceTitle "playchess.com"]
[Source "ChessBase"]
[SourceQuality "1"]

1. e4 e5 2. Nf3 Nc6 3. d4 exd4 4. Nxd4 Nf6 5. Nxc6 bxc6 6. Nd2 d5 7. exd5 cxd5
8. Bb5+ Bd7 9. Bxd7+ Qxd7 10. O-O Be7 11. b3 O-O 12. Bb2 a5 13. Qf3 a4 14. Rfe1
Rfe8 15. h3 c6 16. Qd3 h6 17. Nf3 axb3 18. cxb3 Qc7 19. Rac1 Ne4 20. a4 Bf6 21.
Bxf6 Nxf6 22. Rxe8+ Rxe8 23. Nd4 c5 24. Nf5 Qf4 25. Rd1 Ne4 26. Qf3 Qxf3 27.
gxf3 Nc3 28. Ra1 d4 29. Kf1 g6 30. Nd6 Re6 31. Nc4 Kf8 32. a5 Ra6 33. Ke1 Ke7
34. Kd2 Ke6 35. Kd3 Kf5 36. Nd2 Kg5 37. Kc4 Kh4 38. Kxc5 Kxh3 39. b4 Ra8 40. a6
Kg2 41. a7 h5 42. b5 Nxb5 43. Kxb5 h4 44. Kc6 h3 45. Ne4 h2 46. Ng3 Kxf2 47.
Nh1+ Kxf3 48. Kb7 Rd8 49. a8=Q Rxa8 50. Rxa8 d3 51. Rd8 Kg2 52. Rxd3 Kxh1 53.
Rg3 f5 54. Rxg6 f4 55. Rf6 f3 56. Kc6 Kg2 57. Rg6+ Kf1 58. Rh6 Kg1 59. Rg6+ Kf2
60. Rh6 Kg3 61. Rg6+ Kf4 62. Rh6 f2 63. Kd5 Kg5 64. Rxh2 f1=Q 65. Rd2 Kf5 66.
Kd4 Qa1+ 67. Kc4 Qa4+ 68. Kc3 Ke4 69. Re2+ Kd5 70. Re3 Qc4+ 71. Kd2 Kd4 72. Rg3
Qa2+ 73. Kd1 Qf2 74. Rb3 Qf7 75. Ra3 Qf1+ 76. Kd2 Qf2+ 77. Kd1 Kc4 78. Kc1 Qe1+
79. Kc2 Qe2+ 80. Kc1 Kb4 81. Ra8 Qf1+ 0-1